| 000 | 00909nam a2200229 a 4500 | ||
|---|---|---|---|
| 001 | 000023234 | ||
| 003 | AM-YEHGA | ||
| 005 | 20250618070841.0 | ||
| 008 | 990311s1981 ai |||||||||||||||||arm d | ||
| 040 | _aAM-YeHGA | ||
| 041 | 1 |
_aarm _hund |
|
| 100 | 1 | _aԱվիժյուս, Յոնաս | |
| 245 | 1 | 0 |
_aԿորուսյալ օթևան : _b[Վեպ] / _cՅ. Ավիժյուս ; Թարգմ.՝ Ն. Գրիգալավիչյուտե, Վ. Գրիգորյան; Խմբ.՝ Է.Ռ. Մասումյան. |
| 260 |
_aԵրևան : _bՍովետական գրող, _c1981. |
||
| 300 |
_a568 էջ ; _c22 սմ. |
||
| 650 | 1 | 4 |
_aԼիտվական գրականություն _xՎեպ |
| 700 | 1 |
_aԳրիգալավիչյուտե, Նորա _eթարգմ. _4trl |
|
| 700 | 1 |
_aԳրիգորյան, Վահագն Վահանի, _d1942- _eթարգմ. _4trl _9376 |
|
| 700 | 1 |
_aՄասումյան, Է.Ռ. _eխմբ. _4edt |
|
| 942 |
_2udc _cBK |
||
| 090 | _c9199 | ||
| 999 |
_c9136 _d9136 |
||